Guess the Taylor Swift Song with no hints - #8 - Statistics

General Stats
  • This quiz has been taken 106 times
  • The average score is 174 of 266
Answer Stats
lyrics % Correct
a
99%
I
99%
you
96%
You
96%
the
92%
in
90%
love
90%
Love
90%
we
90%
We
90%
(we
90%
is
88%
Be
87%
to
87%
me
86%
and
84%
And
84%
(And
84%
go
84%
your
84%
I'm
82%
it
82%
So
82%
(so
82%
You're
81%
my
78%
are
75%
this
75%
This
75%
like
74%
of
74%
were
74%
our
71%
all
70%
know
69%
don't
66%
good
65%
I'll
65%
never
65%
(never)
65%
with
65%
But
62%
(But
62%
just
60%
Just
60%
time
60%
I've
57%
Saw
55%
Up
53%
game
52%
same
52%
play
51%
real
49%
right
49%
fall
48%
These
48%
eyes
47%
grace
47%
live
47%
loved
47%
state
47%
fast
45%
let
45%
or
45%
something
45%
alone
44%
alone,
44%
coming
44%
lights
44%
hands
43%
Now
43%
touch
43%
walking
43%
fight
42%
heel
42%
Achilles
40%
blue
40%
come
40%
through
40%
Unless
40%
golden
39%
hearts
39%
hearts)
39%
room
39%
traffic
39%
age
38%
broken
36%
hurts
36%
saint
36%
saint)
36%
shades
36%
worthwhile
36%
Busy
35%
busy
35%
learn
35%
minds
35%
ruthless
35%
wild
35%
wild)
35%
wrong
35%
wrong)
35%
bleeds,
34%
changing
34%
fate
34%
four
34%
lives
34%
pain
34%
pain)
34%
streets
34%
'til
34%
around
31%
clean
30%
fire
30%
signs,
30%
twin
30%
cannonball
29%
fades
29%
Mosaic
27%
(Mosaic
27%
armor
26%
falls
26%
Pierce
26%
slates
26%
brave
22%
No matching quizzes found
Score Distribution
Percent of People with Each Score
Percentile by Number Answered
Your Score History
You have not taken this quiz